| 000 | 00767nas a22002651i#4500 | ||
|---|---|---|---|
| 001 | 1919 | ||
| 003 | ES-MaACL | ||
| 005 | 20250815062531.0 | ||
| 007 | t| | ||
| 008 | 950801c1920 uy | | 1 ||pa d | ||
| 022 | _a0797-3020 | ||
| 080 | _a91 | ||
| 245 | 0 | 0 | _aRevista del Instituto Histórico y Geográfico del Uruguay. |
| 260 |
_aMontevideo : _bImp. El Siglo Ilustrado, _c1920. |
||
| 300 |
_a2 v. ; _c25 cm. |
||
| 310 | _aMensual | ||
| 362 | 0 | _aNº. 1 (agosto 1920)- | |
| 650 | 1 | 7 |
_aHistoria _2embne _9179933 |
| 650 | 1 | 7 |
_aGeografía _2embne _913070 |
| 650 | 4 |
_aInstituciones científicas y diversas _913829 |
|
| 710 | 2 |
_aInstituto Histórico y Geográfico del Uruguay. _95086 |
|
| 852 |
_aES-MaACL _jB-8551-52 |
||
| 866 | 0 | _o(1925). | |
| 999 |
_c1919 _d1919 |
||